Managing human resources: (Record no. 14971)

000 -LEADER
fixed length control field 00577nam a22001697a 4500
008 - FIXED-LENGTH DATA ELEMENTS--GENERAL INFORMATION
fixed length control field 161013b xxu||||| |||| 00| 0 eng d
020 ## - INTERNATIONAL STANDARD BOOK NUMBER
International Standard Book Number 032400415x
050 ## - LIBRARY OF CONGRESS CALL NUMBER
Classification number HF 5549 .J254 1999
100 ## - MAIN ENTRY--PERSONAL NAME
Personal name Jackson,Susan E.
Dates associated with a name 2000
245 ## - TITLE STATEMENT
Title Managing human resources:
Remainder of title a partnership perspective.
250 ## - EDITION STATEMENT
Edition statement 7th ed
260 ## - PUBLICATION, DISTRIBUTION, ETC. (IMPRINT)
Place of publication, distribution, etc. Australia:
Name of publisher, distributor, etc. South-western,
Date of publication, distribution, etc. 2000.
300 ## - PHYSICAL DESCRIPTION
Extent xxiv,776p.ill:
Other physical details includes bibliographical references and index21
Dimensions 21cm
650 ## - SUBJECT ADDED ENTRY--TOPICAL TERM
Topical term or geographic name as entry element personnal management
700 ## - ADDED ENTRY--PERSONAL NAME
Personal name Schuler,Randall S.
942 ## - ADDED ENTRY ELEMENTS (KOHA)
Source of classification or shelving scheme
Koha item type Hard Covered Materials
Classification part HF 5549 .J254 1999
Holdings
Withdrawn status Lost status Source of classification or shelving scheme Damaged status Not for loan Home library Current library Shelving location Date acquired Source of acquisition Total Checkouts Full call number Barcode Date last seen Price effective from Koha item type
          MACHAKOS UNIVERSITY LIBRARY MACHAKOS UNIVERSITY LIBRARY Open shelf 13/10/2016 Donation(B.F.A)   HF 5549 .J254 1999 22637 08/06/2018 13/10/2016 Hard Covered Materials
© Machakos University Library, Along The Highway, Machakos Wote Rd, Machakos, Kenya P.O. Box 136 - 90100 Machakos - Kenya

Tel: ( +254 ) 723 805829 OR Fax : 044-20353 OR Email: library@mksu.ac.ke